| 000 | 00596nam a2200157 i 4500 | ||
|---|---|---|---|
| 001 | bg | ||
| 245 | 0 |
_aMetody doświadczalne w budowie i eksploatacji maszyn roboczych, technologicznych oraz środków transportu : _bkonferencja naukowa, Wrocław, Szklarska Poręba 1993. - T. 2 / _cWydział Mechaniczny Politechniki Wrocławskiej. |
|
| 260 |
_aWrocław : _bWydaw. PW, _ccop.1993. |
||
| 300 | _c24 cm. | ||
| 710 |
_aPolitechnika Wrcławska (Wrocław) _bWydział Mechaniczny |
||
| 040 | _cBPK | ||
| 041 | _apol | ||
| 080 | _a621(061.3) | ||
| 942 | _cKS | ||
| 008 | s pl f |000 0 pol | ||
| 999 |
_c30068 _d30068 |
||
| 856 |
_uhttp://koha.tu.koszalin.pl/cgi-bin/koha/opac-detail.pl?biblionumber=30068 _yKatalog online BPK |
||